00625nam a2200217 a 450000100060000000300080000600500170001400800410003102000150007203500190008704000270010604100080013308200240014110000240016524500680018926000550025730000290031250000190034165000250036070000220038559534BD-RjUL20211209080737.0161226s1984 enk b 001 0 eng  a0538078200 a(BD-RjUL)59658 aDLCcDLCdBD-RjULbeng aeng 223a658.3bCHM 1984 aChruden, Herbert J 10aManaging human resources /cHerbert J Chruden; Arthur W Sherman aBeverly Hills, Calif. :bSage Publications,cc1984 a614 p. :bill. ;c23 cm. aIncludes index 0aPersonnel management aSherman Arthur W